000 00595cam a2200205 4500500
005 20260405001948.0
041 _afre
042 _adc
245 0 0 _aDu tragique au matérialisme (et retour)
260 _c2015.
500 _a5
690 _aAndré Comte-Sponville
690 _aMatérialisme
690 _aMontaigne
690 _aNietzsche
690 _aPascal
690 _aSpinoza
786 0 _nPhilosophie magazine | 86 | 2 | 2015-02-01 | p. 75-75 | 1951-1787
856 4 1 _uhttps://shs.cairn.info/magazine-philosophie-magazine-2015-2-page-75?lang=fr&redirect-ssocas=7080
999 _c2052772
_d2052771